| 000 | 00722cam a2200253 4500 | ||
|---|---|---|---|
| 001 | 3190498 | ||
| 003 | GBCCL | ||
| 005 | 20241126110423.0 | ||
| 008 | 710520s1968 at 000 0 eng | ||
| 010 | _a 76558596 | ||
| 015 | _aAus68-4157 | ||
| 040 |
_aDLC _cDLC _dDLC |
||
| 050 | 0 | 0 |
_aBS635 _b.K46B6 |
| 082 | 0 | 0 |
_a220.93 _220 _bLEW |
| 100 | 1 |
_aLewis, Jack P. _94540 |
|
| 245 | 1 | 0 | _aArcheology and the Bible |
| 260 |
_aTexas, _bBiblical research press, _c1975 |
||
| 300 |
_a95 p. _c21 cm. |
||
| 500 | _aCover title. | ||
| 630 | 0 |
_aBible _xCriticism, interpretation, etc. _9144 |
|
| 710 | 2 |
_aRationalist Association of New South Wales. _94541 |
|
| 906 |
_a7 _bcbc _corignew _d4 _encip _f19 _gy-gencatlg |
||
| 942 |
_2ddc _cBK |
||
| 999 |
_c2213 _d2213 |
||